[Event "9th Open"]
[Site "Pilsen-Lobzy CZE"]
[Date "2003.08.19"]
[Round "4"]
[White "Bujak,M"]
[Black "Plischki,S"]
[Result "0-1"]
[WhiteElo "2159"]
[BlackElo "2310"]

1.e4 c5 2.Nf3 Nc6 3.d4 cxd4 4.Nxd4 e6 5.Nc3 d6 6.g3 a6 7.Bg2 Qc7 8.O-O Nf6
9.a4 Be7 10.Kh1 O-O 11.f4 Bd7 12.b3 Nxd4 13.Qxd4 Bc6 14.Bb2 Rfd8 15.a5 Bf8
16.Rf2 Rac8 17.Re2 d5 18.e5 Ne4 19.Nxe4 dxe4 20.Qe3 Bb4 21.Bc3 Bxc3 22.Qxc3 Qe7
23.Qe3 Qb4 24.Kg1 h6 25.Kf2 Bb5 26.c4 Bc6 27.Qb6 Qc3 28.Rae1 Rd3 29.Re3 Kh7
30.Bf1 Rxe3 31.Rxe3 Qd2+ 32.Be2 Rd8 33.b4 Rd3 34.b5 axb5 35.cxb5 Bxb5 36.Rxe4 Bc6
37.Qb4 Rf3+ 38.Kg1 Rc3 39.Rc4 Qe1+  0-1

[Event "Open"]
[Site "Vienna AUT"]
[Date "2003.08.19"]
[Round "4"]
[White "Sepetavc,W"]
[Black "Kroencke,M"]
[Result "0-1"]
[WhiteElo "2049"]
[BlackElo "2184"]

1.e4 c5 2.Nf3 e6 3.d4 cxd4 4.Nxd4 Nc6 5.Nc3 Qc7 6.Be3 a6 7.g3 Nf6 8.Bg2 Ne5
9.Bf4 d6 10.Bxe5 dxe5 11.Nde2 Bd7 12.O-O Bc5 13.a3 O-O 14.b4 Ba7 15.a4 Rfd8
16.Qb1 Rac8 17.Ra3 Be8 18.b5 a5 19.Rb3 Bb6 20.Qc1 Bc5 21.h3 Qb6 22.Qg5 Nd7
23.h4 h6 24.Qc1 Bb4 25.Na2 Nc5 26.Rb1 Nd3 27.Qe3 Qxe3 28.fxe3 Rxc2 29.Nxb4 Nxb4
30.Nc1 Kf8 31.Bf3 Ke7 32.Rd1 Rdc8 33.Nb3 b6 34.Rd2 R2c3 35.Kf2 Nc2 36.Re2 Na3
37.Rbb2 R8c4 38.Nxa5 bxa5 39.b6 Rc8 40.b7 Rb8 41.Re1 Nc4  0-1

[Event "9th Open"]
[Site "Pilsen-Lobzy CZE"]
[Date "2003.08.20"]
[Round "5"]
[White "Laznicka,V"]
[Black "Novak,Pa"]
[Result "0-1"]
[WhiteElo "2446"]
[BlackElo "2317"]

1.e4 c5 2.Nf3 Nc6 3.d4 cxd4 4.Nxd4 e6 5.Nc3 Qc7 6.Be3 a6 7.Qd2 Nf6 8.f3 Bb4
9.a3 Be7 10.g4 h6 11.O-O-O b5 12.Be2 b4 13.axb4 Bxb4 14.Nxc6 dxc6 15.Kb1 O-O
16.h4 Qa5 17.Qd3 e5 18.Na2 Rb8 19.g5 Be6 20.b3 Nh5 21.Rhg1 Be7 22.gxh6 g6
23.Qc3 Qxc3 24.Nxc3 a5 25.Bg5 Bc5 26.Rg2 Bd4 27.Na4 c5 28.Be7 Rfc8 29.Bd6 Rb4
30.Rxd4 cxd4 31.Bxe5 Bxb3 32.cxb3 Rxb3+ 33.Nb2 a4 34.Bd1 Rb5 35.Bxd4 a3 36.Rd2 Rd8
37.Ka2 axb2 38.Kb1 Rb4  0-1

[Event "Open"]
[Site "Vienna AUT"]
[Date "2003.08.20"]
[Round "5"]
[White "Zickelbein,EM"]
[Black "Meier,Mi"]
[Result "1/2-1/2"]
[WhiteElo "2138"]
[BlackElo "2064"]

1.e4 c5 2.Nc3 e6 3.Nf3 Nc6 4.d4 cxd4 5.Nxd4 Nf6 6.Nxc6 bxc6 7.e5 Nd5 8.Nxd5 cxd5
9.Bd3 d6 10.Bf4 dxe5 11.Bxe5 Bd6 12.f4 Bxe5 13.fxe5 Qh4+ 14.g3 Qb4+ 15.c3 Qxb2
16.O-O Bd7 17.Rb1 Qxc3 18.Qe2 O-O 19.Rf4 Rfb8 20.Rxb8+ Rxb8 21.Bxh7+ Kf8
22.Rf2 Ke7 23.Qh5 Qc1+ 24.Kg2 Be8 25.Qh4+ Kf8 26.Qd4 Rb7 27.Bc2 Qa3 28.Qh4 Rb2  1/2-1/2

[Event "II American Continental"]
[Site "Buenos Aires ARG"]
[Date "2003.08.21"]
[Round "4"]
[White "Fiori,H"]
[Black "Filgueira,H"]
[Result "0-1"]
[WhiteElo "2037"]
[BlackElo "2376"]

1.e4 c5 2.Nf3 e6 3.d4 cxd4 4.Nxd4 Nc6 5.Nc3 Qc7 6.Be2 a6 7.O-O Nf6 8.Kh1 Be7
9.f4 d6 10.Be3 O-O 11.Qe1 Nxd4 12.Bxd4 b5 13.Bd3 Bb7 14.Qg3 g6 15.Rae1 b4
16.Nd1 Nh5 17.Qh3 e5 18.Be3 Nxf4 19.Bxf4 exf4 20.Rxf4 Bg5 21.Rff1 Rae8 22.Qg3 Bh6
23.Nf2 Bg7 24.b3 Be5 25.Qh4 Qd8 26.Qh6 Bg7 27.Qf4 Bc3 28.Ng4 f5 29.Nh6+ Kg7
30.Re3 Be5  0-1

[Event "14th Sommerpokal"]
[Site "Recklinghausen GER"]
[Date "2003.08.21"]
[Round "4"]
[White "Kummerow,H"]
[Black "Teske,H"]
[Result "0-1"]
[WhiteElo "2307"]
[BlackElo "2527"]

1.e4 c5 2.Nf3 Nc6 3.d4 cxd4 4.Nxd4 e6 5.Nc3 Nf6 6.Ndb5 Bb4 7.e5 Nxe5 8.Bf4 d6
9.a3 Bxc3+ 10.Nxc3 O-O 11.Qd2 Nd5 12.O-O-O Nxf4 13.Qxf4 f6 14.h4 Qe7 15.h5 d5
16.g4 Bd7 17.Bg2 Rac8 18.Rhe1 Rxc3 19.bxc3 Nc4 20.Rxd5 Qxa3+ 21.Kd1 Nb2+
22.Kd2 exd5 23.Bxd5+ Kh8 24.h6 Qc5 25.hxg7+ Kxg7 26.c4 b5 27.Rh1 Nxc4+ 28.Bxc4 bxc4
29.Qh6+ Kf7 30.Qxh7+ Ke8 31.Qe4+ Kd8 32.Rb1 c3+  0-1

[Event "Open"]
[Site "Vienna AUT"]
[Date "2003.08.21"]
[Round "6"]
[White "Dueckstein,A"]
[Black "Vasilescu,V"]
[Result "1/2-1/2"]
[WhiteElo "2334"]
[BlackElo "2176"]

1.e4 c5 2.Nf3 e6 3.d4 cxd4 4.Nxd4 Nc6 5.Nc3 a6 6.g3 Qc7 7.Bg2 Nf6 8.O-O Be7
9.Nde2 O-O 10.a4 Rb8 11.h3 b6 12.g4 d6 13.Ng3 Bb7 14.g5 Nd7 15.f4 Rfe8 16.Be3 Bf8
17.Nce2 g6 18.Bf2 Bg7 19.c3 Na5 20.Rc1 Ba8 21.Qd3 b5 22.axb5 Nb3 23.Rcd1 axb5
24.Qxd6 Qxd6 25.Rxd6 Ndc5 26.Rdd1 Na4 27.e5 Bxg2 28.Kxg2 b4 29.Rd7 Nxb2 30.cxb4 Rxb4
31.Rb1 Na4 32.Nc1 Nac5 33.Rc7 Rxf4 34.Nxb3 Nd3 35.Be3 Ra4 36.Rf1 Ra2+ 37.Nd2 Nxe5
38.Ne4 Rd8 39.Rf2 Ra3 40.Bf4 Nd3 41.Nc4 Nxf2 42.Kxf2 Ra4 43.Nf6+ Bxf6 44.gxf6 h5
45.Ke3 Rd5 46.h4 Rf5 47.Bg5 Rb5 48.Rc8+ Kh7 49.Rc7 Kg8 50.Kd4  1/2-1/2

[Event "ch-FRA"]
[Site "Aix les Bains FRA"]
[Date "2003.08.22"]
[Round "5"]
[White "Bauer,Ch"]
[Black "Skripchenko,A"]
[Result "1-0"]
[WhiteElo "2589"]
[BlackElo "2489"]

1.e4 c5 2.Nf3 e6 3.d4 cxd4 4.Nxd4 Nc6 5.Nc3 Qc7 6.Be3 a6 7.Qd2 Nf6 8.O-O-O Bb4
9.f3 Ne5 10.Nb3 b5 11.Kb1 Be7 12.Qf2 Rb8 13.g4 h6 14.h4 d6 15.Rg1 g5 16.Rh1 Rg8
17.hxg5 hxg5 18.Ba7 Rb7 19.Bd4 Bd7 20.Qg3 b4 21.Ne2 Nc4 22.Nec1 Bb5 23.Bxc4 Bxc4
24.Nd2 e5 25.Nxc4 Qxc4 26.b3 Qc6 27.Bb2 a5 28.Qe1 a4 29.Nd3 Qb5 30.Qd2 Nd7
31.Rh7 Nf8 32.Rh6 Ng6 33.Qh2 Rc7 34.Rh7 Bf6 35.Qd2 Rb7 36.Ne1 Be7 37.Ng2 Nf4
38.Ne3 axb3 39.cxb3 Ra7 40.Nf5 Ra6 41.Rc1 Qa5 42.Ba1 Ra8 43.Rc6 Nd3 44.a4 Nc5
45.Qd5 Ne6 46.Rc8+  1-0

[Event "Jezero Open"]
[Site "Belgrade YUG"]
[Date "2003.08.22"]
[Round "9"]
[White "Savic,Dragol"]
[Black "Zmijanac,D"]
[Result "0-1"]
[WhiteElo "2133"]
[BlackElo "2258"]

1.e4 c5 2.Nf3 e6 3.d4 cxd4 4.Nxd4 Nc6 5.Nc3 Qc7 6.g3 a6 7.Bg2 d6 8.O-O Bd7
9.Re1 Be7 10.h3 Nf6 11.g4 h6 12.a4 Rc8 13.Nxc6 Bxc6 14.a5 O-O 15.Be3 Nd7
16.f4 Nc5 17.Qd2 b5 18.axb6 Qxb6 19.Qd4 Qb7 20.g5 hxg5 21.fxg5 g6 22.b4 e5
23.Qc4 Ne6 24.Qxa6 Qxb4 25.Qd3 Ba8 26.Ne2 Nc5 27.Qd2 Qxd2 28.Bxd2 Bxe4 29.Ra7 Rfe8
30.Ng3 Bxc2 31.Bd5 Bb3  0-1

[Event "23rd Open"]
[Site "Bratto ITA"]
[Date "2003.08.22"]
[Round "2"]
[White "Lucaroni,M"]
[Black "Maksimenko,A"]
[Result "0-1"]
[WhiteElo "2295"]
[BlackElo "2512"]

1.e4 c5 2.Nc3 Nc6 3.Nf3 e6 4.d4 cxd4 5.Nxd4 Nf6 6.Be3 Bb4 7.Bd3 d5 8.Nxc6 bxc6
9.e5 Nd7 10.Qg4 Bf8 11.Qg3 Rb8 12.b3 h5 13.h4 Rb4 14.Bf4 Rxf4 15.Qxf4 Qa5
16.O-O Qxc3 17.Rae1 g6 18.Re3 Bh6 19.Bxg6 Bxf4  0-1

[Event "9th Open"]
[Site "Pilsen-Lobzy CZE"]
[Date "2003.08.22"]
[Round "7"]
[White "Staszko,M"]
[Black "Vrchotka,J"]
[Result "1-0"]
[WhiteElo "2083"]
[BlackElo "2140"]

1.e4 c5 2.Nf3 Nc6 3.Nc3 e6 4.d4 cxd4 5.Nxd4 Qb6 6.Nb3 a6 7.Be3 Qc7 8.f4 d6
9.Qf3 Be7 10.Bd3 Nb4 11.O-O Nxd3 12.cxd3 Nf6 13.Rac1 Qd8 14.g4 Nd7 15.d4 b5
16.d5 Bb7 17.Nd4 exd5 18.Nxd5 Nc5 19.b4 Bxd5 20.exd5 Na4 21.Nc6 Qd7 22.Qe4 Kf8
23.Qxe7+ Qxe7 24.Nxe7 Kxe7 25.Rc7+ Kf8 26.Rfc1 h6 27.Bd4 Kg8 28.Re7 Rf8 29.Rc6 Rh7
30.Rxd6 f5 31.Rdd7 fxg4 32.Rxg7+ Rxg7 33.Rxg7+ Kh8 34.Rxg4+ Kh7 35.Rg7+ Kh8
36.Rf7+ Kg8 37.Rxf8+ Kxf8  1-0

[Event "2nd It"]
[Site "Pays de Charleroi FRA"]
[Date "2003.08.23"]
[Round "2"]
[White "Hautot,S"]
[Black "Kveinys,A"]
[Result "0-1"]
[WhiteElo "2317"]
[BlackElo "2539"]

1.e4 c5 2.Nf3 e6 3.d4 cxd4 4.Nxd4 Nc6 5.Nc3 Qc7 6.Be3 a6 7.Be2 Nf6 8.O-O Bb4
9.Na4 O-O 10.Nxc6 bxc6 11.Nb6 Rb8 12.Nxc8 Rfxc8 13.Bxa6 Rf8 14.Bd3 Bd6 15.f4 e5
16.b3 exf4 17.Bd4 f3 18.Qxf3 Bxh2+ 19.Kh1 Be5 20.Bxe5 Qxe5 21.Qf5 Rfe8 22.Qxe5 Rxe5
23.Rf5 Re7 24.Kg1 Kf8 25.Rf4 d6 26.a4 Nd7 27.a5 Nc5 28.Ra3 Nxd3 29.cxd3 Reb7
30.a6 Rxb3 31.a7 Rb1+ 32.Rf1 Rxf1+ 33.Kxf1 Ra8 34.Ra6 Ke7 35.Rxc6 Rxa7 36.Kf2 Ke6
37.Kf3 Ra5 38.Rc7 Rg5 39.g3 f5 40.Ra7 h5 41.Rc7 g6 42.Rg7 d5 43.exf5+ Rxf5+
44.Ke3 Rg5 45.Kf4 Rf5+  0-1

[Event "ADCF Masters"]
[Site "Abu Dhabi UAE"]
[Date "2003.08.24"]
[Round "8"]
[White "Yemelin,V"]
[Black "Poluljahov,A"]
[Result "1-0"]
[WhiteElo "2550"]
[BlackElo "2530"]

1.e4 c5 2.Nf3 e6 3.d4 cxd4 4.Nxd4 Nc6 5.Nc3 Qc7 6.Be2 a6 7.O-O Nf6 8.Kh1 Nxd4
9.Qxd4 Bc5 10.Qd2 O-O 11.Qg5 Bd4 12.Bd3 Qe5 13.Qh4 Qh5 14.Qxh5 Nxh5 15.Ne2 Bc5
16.e5 f5 17.h3 g6 18.Bg5 b5 19.c4 b4 20.Kh2 Bb7 21.Rad1 Rf7 22.f4 Rc8 23.b3 Ng7
24.Ng1 Ne8 25.Be2 a5 26.Bf3 d6 27.Rfe1 dxe5 28.Rxe5 Ng7 29.Re2 Bxg1+ 30.Kxg1 Bxf3
31.gxf3 Ra7 32.Bf6 Nh5 33.Be5 a4 34.Kf2 axb3 35.axb3 h6 36.h4 Kf7 37.Red2 Nf6
38.Rd6 Ra2+ 39.Ke3 Rh2 40.Rb6 Re8 41.Rxb4 Rxh4 42.Rb7+ Re7 43.Rxe7+ Kxe7
44.b4 g5 45.b5 gxf4+ 46.Kd4 Nd7 47.c5 Rh2 48.c6 Nb6 49.Kc5 Nd5 50.Rxd5 Rc2+
51.Kd4 Rd2+ 52.Kc4 exd5+ 53.Kc3 Ra2 54.b6 Ra6  1-0

[Event "ch-FRA"]
[Site "Aix les Bains FRA"]
[Date "2003.08.25"]
[Round "8"]
[White "Apicella,M"]
[Black "Sokolov,And1"]
[Result "1-0"]
[WhiteElo "2522"]
[BlackElo "2554"]

1.e4 c5 2.Nf3 e6 3.d4 cxd4 4.Nxd4 Nc6 5.Nc3 d6 6.Be3 Nf6 7.f3 Be7 8.Qd2 O-O
9.g4 Nxd4 10.Bxd4 a6 11.O-O-O b5 12.g5 Nd7 13.Rg1 Bb7 14.Bd3 Ne5 15.Rg3 Nxd3+
16.Qxd3 b4 17.Ne2 e5 18.Be3 Qa5 19.Kb1 d5 20.exd5 Rfd8 21.c4 bxc3 22.Nxc3 Bb4
23.Rh3 Bxc3 24.Qxh7+ Kf8 25.d6 Rxd6 26.Rxd6 Qb5 27.Rb6 Qf1+ 28.Bc1 Bc8 29.Qe4 Bd4
30.Rh8+  1-0

[Event "II American Continental"]
[Site "Buenos Aires ARG"]
[Date "2003.08.25"]
[Round "7"]
[White "Markzon,G"]
[Black "Martinez Garcia,JoseJ"]
[Result "1-0"]
[WhiteElo "2267"]
[BlackElo "2172"]

1.e4 c5 2.Nf3 e6 3.d4 cxd4 4.Nxd4 Nc6 5.Nc3 Nf6 6.Ndb5 d6 7.Bf4 e5 8.Bg5 a6
9.Na3 b5 10.Bxf6 gxf6 11.Nd5 Be6 12.c3 Bg7 13.Nc2 f5 14.exf5 Bxf5 15.Nce3 Be6
16.Bd3 Ne7 17.Nxe7 Qxe7 18.O-O d5 19.Qh5 h6 20.h4 O-O 21.Bc2 Rfd8 22.Rae1 b4
23.f4 bxc3 24.f5 Bc8 25.Ng4 f6 26.Qg6 Kf8 27.Nxe5 Bd7 28.Qh7 Be8 29.Nd3 Qa7+
30.Kh1 cxb2 31.Nf4 Bf7 32.Rf3 Bg8 33.Qg6 Rac8 34.Rfe3 Qxe3 35.Rxe3 Rxc2 36.Rb3 Rc1+
37.Kh2 b1=Q 38.Rxb1 Rxb1 39.Nh5 Rb7 40.Nxg7 Rd6 41.Nh5 Bf7 42.Qxh6+ Ke8 43.Ng3 Re7
44.Qf4 Re5 45.h5 Kd7 46.Qb4 Bxh5 47.Qb7+ Kd8 48.Nxh5  1-0

[Event "Acropolis GM"]
[Site "Athens GRE"]
[Date "2003.08.26"]
[Round "2"]
[White "Kotronias,V"]
[Black "Mastrovasilis,D"]
[Result "1-0"]
[WhiteElo "2602"]
[BlackElo "2493"]

1.e4 c5 2.Nf3 e6 3.d4 cxd4 4.Nxd4 Nc6 5.Nc3 Qc7 6.Be2 a6 7.O-O Nf6 8.Be3 Bb4
9.Na4 Be7 10.c4 Nxe4 11.c5 O-O 12.g3 f5 13.Nb6 Rb8 14.Bf4 d6 15.Nxc8 Qxc8
16.cxd6 Bxd6 17.Bxd6 Nxd6 18.Rc1 Rd8 19.Bxa6 Qd7 20.Nxc6 bxc6 21.Qe2 Nb5
22.Bxb5 Rxb5 23.a4 Rd5 24.b4 Qd6 25.a5 Re5 26.Qd1 Rd5 27.Qa4 Rd4 28.Rxc6 Qxb4
29.Qa2 R4d5 30.a6 Qa5 31.Qc4 R8d6 32.Rc8+ Kf7 33.a7  1-0

[Event "Acropolis GM"]
[Site "Athens GRE"]
[Date "2003.08.26"]
[Round "2"]
[White "Schmaltz,R"]
[Black "Mastrovasilis,A"]
[Result "0-1"]
[WhiteElo "2530"]
[BlackElo "2499"]

1.e4 c5 2.Nf3 e6 3.d4 cxd4 4.Nxd4 Nc6 5.Nc3 d6 6.Be3 Nf6 7.Qd2 Be7 8.f3 O-O
9.O-O-O a6 10.g4 Nxd4 11.Bxd4 b5 12.h4 Nd7 13.Kb1 Bb7 14.g5 Rc8 15.g6 fxg6
16.h5 gxh5 17.Rxh5 e5 18.Be3 Rxf3 19.Bh3 Nf6 20.Be6+ Kh8 21.Rh2 Nxe4 22.Nxe4 Bxe4
23.Bxc8 Qxc8 24.Bg5 Bf8 25.Rf2 Rxf2 26.Qxf2 Qf5 27.Qd2 d5 28.Bh4 h6 29.Bg3 Be7
30.Re1 Bf6 31.a3 Qf3 32.Qh2 Qf5 33.Qd2 Kh7 34.Ka1 d4 35.Qa5 Bxc2 36.Qxa6 e4
37.Qd6 e3 38.Qb6 Bd3 39.Rc1 Bc4 40.Be1 Qe4  0-1

[Event "II American Continental"]
[Site "Buenos Aires ARG"]
[Date "2003.08.26"]
[Round "8"]
[White "Walsh,H"]
[Black "Caceres,S"]
[Result "1-0"]
[WhiteElo "2156"]
[BlackElo "2201"]

1.e4 c5 2.Nf3 e6 3.d4 cxd4 4.Nxd4 Nc6 5.Nc3 Qc7 6.Be3 a6 7.Qd2 Nf6 8.O-O-O Bb4
9.f3 Ne7 10.Nde2 d5 11.e5 Nd7 12.f4 Nc5 13.Bxc5 Bxc5 14.Kb1 Bd7 15.Nd4 Bb4
16.Ncb5 Qa5 17.Nd6+ Kf8 18.c3 Bxd6 19.exd6 Nc6 20.f5 Nxd4 21.Qxd4 Qd8 22.Bd3 Qf6
23.Qb4 b5 24.fxe6 Bxe6 25.Rhf1 Qd8 26.Bf5 Kg8 27.Qf4 Qd7 28.Rxd5 h5 29.Bxe6 fxe6
30.Rc5 e5 31.Qxe5 Re8 32.Qd5+ Re6 33.Rc6 Rh6 34.Rxa6 Kh7 35.Rb6 Rxd6 36.Rxd6 Qxd6
37.Qxd6 Rxd6 38.Rf5 Kg6 39.Rxb5 Rd2 40.a4 Rxg2 41.a5 Re2 42.a6 Re8 43.a7 Ra8
44.Ra5 Kf6 45.b4 Ke6 46.c4 Kd6 47.Kc2 Kc7 48.h4 Kb7 49.Kc3 Rxa7 50.Rxa7+ Kxa7
51.Kd4  1-0

[Event "II American Continental"]
[Site "Buenos Aires ARG"]
[Date "2003.08.26"]
[Round "8"]
[White "Leon Hoyos,M"]
[Black "Needleman,A"]
[Result "1/2-1/2"]
[WhiteElo "2281"]
[BlackElo "2434"]

1.e4 c5 2.Nf3 e6 3.d4 cxd4 4.Nxd4 Nc6 5.Nc3 Qc7 6.f4 a6 7.Nxc6 Qxc6 8.Bd3 b5
9.Qe2 Bb7 10.Bd2 Bb4 11.O-O-O Nf6 12.Rhe1 O-O 13.Kb1 d5 14.e5 Bxc3 15.Bxc3 Ne4
16.Ba5 Rfc8 17.a3 Qc5 18.Rf1 Rab8 19.g4 Qe7 20.Qe1 Ba8 21.Rf3 Rc4 22.Bxc4 bxc4
23.Ka1 Bc6 24.Re3 h6 25.Bb4 Qb7 26.Rxe4 dxe4 27.f5 Ba4 28.Rd2 e3 29.Re2 Qe4
30.f6 Rd8 31.fxg7 Rd5 32.Qc1 Qxg4 33.Qxe3 Qf5 34.Rd2 Bxc2 35.Rxd5 exd5 36.Qc1 d4
37.Bd2 h5 38.Bh6 Bb3 39.Qh1 Kh7 40.Qg2 Qg4 41.Qxg4 hxg4 42.Kb1 c3 43.bxc3 dxc3
44.Kc1 f5 45.Be3 Kxg7 46.Bd4 c2 47.e6+ Kg6 48.e7 Ba4 49.e8=Q+ Bxe8 50.Kxc2 f4
51.Kd3 Kf5 52.Ke2 Ke4 53.Bb6 Ba4 54.Kf2 Bd1 55.Bd8 Bb3 56.Bh4  1/2-1/2

[Event "II American Continental"]
[Site "Buenos Aires ARG"]
[Date "2003.08.27"]
[Round "9"]
[White "Duarte,L"]
[Black "Crosa,M"]
[Result "1/2-1/2"]
[WhiteElo "2207"]
[BlackElo "2412"]

1.e4 c5 2.Nf3 Nc6 3.d4 cxd4 4.Nxd4 e6 5.Nc3 Nf6 6.g3 Bb4 7.Bg2 O-O 8.O-O a6
9.Nxc6 dxc6 10.e5 Qxd1 11.Rxd1 Nd5 12.Ne4 b5 13.c3 Be7 14.b3 Ra7 15.c4 bxc4
16.bxc4 Nb6 17.Be3 c5 18.Nd6 Na4 19.Bc6 Nb2 20.Rd2 Rc7 21.Rxb2 Rxc6 22.Nxc8 Rfxc8
23.Rb7 Bd8 24.Rd1 Bc7 25.f4 Kf8 26.Kf2 Ke8 27.Kf3 f6 28.exf6 gxf6 29.f5 exf5
30.Bf4 Ke7 31.h4 h5 32.Re1+ Kf7 33.Re2 a5 34.Re3 Kf8 35.Ra3 Bd8 36.Rd3 Be7
37.Rdd7 Re8 38.Be3 Kf7 39.Kf4 Ke6 40.a4 Bd6+ 41.Kf3 Rb6 42.Bf4 Rxb7 43.Rxb7 Be5
44.Rb6+ Kf7 45.Rb5 Bd4 46.Rxa5 Re4 47.Rb5 Bg1 48.Kg2 Bd4 49.a5 Re2+ 50.Kf1 Ra2
51.Rb7+ Kg6 52.Ra7 Be5 53.a6 Ra4 54.Ra8 Kg7 55.a7 Bxf4 56.gxf4 Ra2 57.Ke1 Ra6
58.Kd2 Ra2+ 59.Kc3 Ra1 60.Kb3 Ra6 61.Rc8  1/2-1/2

[Event "II American Continental"]
[Site "Buenos Aires ARG"]
[Date "2003.08.28"]
[Round "10"]
[White "Hobaica,J"]
[Black "Filgueira,H"]
[Result "1/2-1/2"]
[WhiteElo "2281"]
[BlackElo "2376"]

1.e4 c5 2.Nf3 e6 3.d4 cxd4 4.Nxd4 Nc6 5.Nc3 Qc7 6.Be3 a6 7.Bd3 Nf6 8.O-O b5
9.Nxc6 Qxc6 10.a3 Bb7 11.Qe2 Be7 12.f4 h5 13.e5 Ng4 14.Be4 Qc7 15.Bxb7 Qxb7
16.h3 Nxe3 17.Qxe3 Qa7 18.Qxa7 Rxa7 19.Ne4 Rc7 20.c3 Rc4  1/2-1/2

[Event "1st League TCh-SCG w"]
[Site "Budva SCG"]
[Date "2003.08.29"]
[Round "1"]
[White "Brajic,Ma"]
[Black "Tuvic,N"]
[Result "0-1"]
[WhiteElo "1854"]
[BlackElo "2009"]

1.e4 c5 2.Nf3 e6 3.d4 cxd4 4.Nxd4 Nc6 5.Nc3 Qc7 6.a3 a6 7.Be2 Nf6 8.Nb3 b5
9.f4 d6 10.Bf3 Bb7 11.Be3 Be7 12.O-O O-O 13.Qe1 Rfd8 14.Qf2 Nd7 15.Rad1 Rac8
16.f5 Nce5 17.fxe6 fxe6 18.Nd4 Nf8 19.Bh5 Bf6 20.Qg3 Kh8 21.Qh3 Qe7 22.Rf2 Rc4
23.Be2 Rcc8 24.Rdf1 Rd7 25.g4 Neg6 26.Rg2 Re8 27.g5 Be5 28.Bh5 Rc7 29.Be2 Rec8
30.Bg4 Re8 31.Be2 d5 32.exd5 exd5 33.Rf3 Bc8 34.Qh5 Qd7 35.Bd3 Qe7 36.Nxd5 Qd6
37.Nxc7 Rd8 38.Nce6 Bxd4 39.Nxd4 Bb7 40.Nf5 Qe5 41.Rh3 Rxd3 42.cxd3 Bxg2
43.Kxg2 Qxf5 44.Qe2 Qe5 45.Qf2 Qd5+ 46.Kg1 Qxd3 47.Bc5 Qxh3 48.Bxf8 Qg4+
49.Kh1 Qd1+ 50.Kg2 Qd5+ 51.Kg1 Qxg5+ 52.Kh1 Nh4 53.Bb4 Qc1+ 54.Be1 Nf3 55.Qxf3 Qxe1+
56.Kg2 Qd2+ 57.Kg3 Qe1+ 58.Kh3 Qe6+ 59.Kg2 h6 60.Qf8+ Kh7 61.Qb4 Qc4 62.Qd2 Qe4+  0-1

[Event "1st League TCh-SCG"]
[Site "Budva SCG"]
[Date "2003.08.29"]
[Round "1"]
[White "Hracek,Z"]
[Black "Goloshchapov,A"]
[Result "1/2-1/2"]
[WhiteElo "2584"]
[BlackElo "2574"]

1.e4 c5 2.Nf3 Nc6 3.d4 cxd4 4.Nxd4 e6 5.Nc3 Qc7 6.Be3 a6 7.Qd2 Nf6 8.O-O-O Bb4
9.f3 Ne5 10.Nb3 b5 11.Bd4 Be7 12.Qf2 d6 13.Kb1 O-O 14.g4 Nfd7 15.Rg1 Rb8
16.f4 Nc4 17.g5 b4 18.Na4 e5 19.Ba7 Ra8 20.Bxc4 Qxc4 21.Nd2 Qc6 22.b3 f5
23.gxf6 Nxf6 24.Be3 Rf7 25.fxe5 Nxe4 26.Qg2 Nxd2+ 27.Qxd2 dxe5 28.Nb6 Rb8
29.Nc4 Bf6  1/2-1/2

[Event "II American Continental"]
[Site "Buenos Aires ARG"]
[Date "2003.08.29"]
[Round "11"]
[White "Burgos,C"]
[Black "Pierrot,F"]
[Result "1/2-1/2"]
[WhiteElo "2335"]
[BlackElo "2417"]

1.e4 c5 2.Nf3 e6 3.Nc3 Nc6 4.d4 cxd4 5.Nxd4 Nf6 6.Ndb5 d6 7.Bf4 e5 8.Bg5 a6
9.Bxf6 gxf6 10.Na3 b5 11.Nd5 f5 12.exf5 Bxf5 13.c3 Bg7 14.Nc2 Be6 15.a4 O-O
16.axb5 axb5 17.Bxb5 Nd4 18.cxd4 Rxa1 19.Qxa1 Bxd5 20.O-O Qb6 21.Be2 Be4
22.Na3 Qxd4 23.Nb5 Qb4 24.Rd1 Rd8 25.Qc1 Ba8 26.Qc7 Rf8 27.Nxd6 Qxb2 28.Bc4 Qb8
29.Qe7 Qd8 30.Bxf7+ Kh8 31.Qxd8 Rxd8 32.Ba2 Rb8 33.Nf7+ Kg8 34.Nxe5+ Kh8
35.Nf7+ Kg8 36.Rd8+ Rxd8 37.Nxd8+ Kh8 38.f3 Bf6 39.Ne6 Bc6 40.Bc4 Bb7 41.Nf4 Bd4+
42.Kf1 Kg7 43.g3 Be3 44.Nh5+ Kg6 45.g4 Kg5 46.Kg2 Bd2 47.Ng3 Bc6 48.Bd3 h6
49.Be4 Bd7 50.Bd5 Bf4 51.Ne4+ Kh4 52.Nc5 Be8 53.Be6 Be3 54.Bc8 Bxc5 55.f4 Bd6
56.Kf3 Bc7 57.Ke4 h5 58.h3 hxg4 59.hxg4 Kg3  1/2-1/2

[Event "II American Continental"]
[Site "Buenos Aires ARG"]
[Date "2003.08.29"]
[Round "11"]
[White "Walsh,H"]
[Black "Cordero,A"]
[Result "1-0"]
[WhiteElo "2156"]
[BlackElo "2323"]

1.e4 c5 2.Nf3 Nc6 3.Nc3 e6 4.d4 cxd4 5.Nxd4 a6 6.Be3 Qc7 7.Qd2 Ne5 8.O-O-O Bb4
9.Kb1 Bxc3 10.bxc3 Nf6 11.f3 d6 12.g4 O-O 13.h4 Nxf3 14.Qg2 Ne5 15.g5 Nfd7
16.h5 Qxc3 17.Bc1 Nc5 18.g6 Qb4+ 19.Ka1 fxg6 20.hxg6 hxg6 21.Be2 Qc3+ 22.Bb2 Qe3
23.Qh2 Rf2 24.Qh8+ Kf7 25.Rh7  1-0

[Event "1st League TCh-SCG w"]
[Site "Budva SCG"]
[Date "2003.08.30"]
[Round "2"]
[White "Marcetic,Ma"]
[Black "Alexandrova,O"]
[Result "1/2-1/2"]
[WhiteElo "2261"]
[BlackElo "2437"]

1.e4 c5 2.Nf3 e6 3.d4 cxd4 4.Nxd4 Nc6 5.Nc3 Qc7 6.Be3 a6 7.a3 Nf6 8.Be2 Be7
9.O-O O-O 10.Kh1 d6 11.f4 Rd8 12.Bf3 Bd7 13.Qe1 Nxd4 14.Bxd4 e5 15.fxe5 dxe5
16.Qg3 Bd6 17.Be3 Bc6 18.Bg5 Be7 19.Bxf6 Bxf6 20.Be2 Rd6 21.Bc4 Rad8 22.Rac1 Qb6
23.b3 Qc5 24.Nd5 Kh8 25.Nxf6 Rxf6 26.Rxf6 gxf6 27.Qh4 Qe7 28.Rf1 Rd6 29.h3  1/2-1/2

[Event "Polish Extraleague"]
[Site "Lubniewice POL"]
[Date "2003.08.30"]
[Round "1"]
[White "Barglowski,F"]
[Black "Antoniewski,R"]
[Result "1/2-1/2"]
[WhiteElo "2318"]
[BlackElo "2499"]

1.e4 c5 2.Nf3 e6 3.d4 cxd4 4.Nxd4 Nc6 5.Nc3 Qc7 6.Be3 a6 7.Bd3 Nf6 8.O-O h5
9.h3 b5 10.Nxc6 Qxc6 11.a3 Bb7 12.Re1 Rc8 13.Bd4 Bd6 14.Qf3 e5 15.Be3 Bc5
16.Bg5 Bd4 17.Nd5 Bxb2 18.Rab1 Bc3 19.Nxc3 Qxc3 20.Bxf6 gxf6 21.Qxf6 Rg8
22.Qh6 Rc6 23.Qxh5 Rcg6 24.g3 Rg5 25.Qh6 Qxa3 26.Qb6 Bc6 27.h4 R5g6 28.Qb8+ Ke7
29.Qxe5+ Re6 30.Qd4 Rd6 31.Ra1 Rxd4 32.Rxa3 Ra8 33.Rea1 b4 34.Rxa6 Rb8 35.Rb1 b3
36.Kh2 Rb7 37.Ra3 bxc2 38.Bxc2 Rd2 39.Rxb7 Bxb7 40.Rc3 Rxf2+ 41.Kh3 Kf6 42.Rc5 Re2
43.Rf5+ Kg7 44.Bb3 Bxe4 45.Rxf7+ Kg6 46.Kg4 d5 47.Rf4  1/2-1/2

[Event "1st League TCh-SCG w"]
[Site "Budva SCG"]
[Date "2003.08.31"]
[Round "3"]
[White "Peptan,C"]
[Black "Mladenovic,J"]
[Result "1-0"]
[WhiteElo "2485"]
[BlackElo "2151"]

1.e4 c5 2.Nf3 Nc6 3.d4 cxd4 4.Nxd4 e6 5.Nc3 Qc7 6.Be3 a6 7.Bd3 Nf6 8.O-O Be7
9.Kh1 O-O 10.f4 d6 11.Qf3 Rd8 12.Qg3 Nh5 13.Qf2 Nf6 14.h3 Nd7 15.Qg3 Bf6
16.Nde2 b5 17.a3 Bb7 18.f5 Be5 19.Bf4 Kh8 20.Bxe5 Ncxe5 21.Nf4 Nc5 22.Rae1 Qd7
23.fxe6 fxe6 24.b4 Ncxd3 25.cxd3 Rac8 26.Nce2 Re8 27.Nd4 Nf7 28.Nh5 Ne5 29.Rf2 Ng6
30.Ref1 Rf8 31.Qg4 Rxf2 32.Rxf2 Re8 33.Nf4 Nxf4 34.Rxf4 g6 35.Nf3 Bc8 36.Ng5 Re7
37.Rf8+ Kg7  1-0

[Event "1st League TCh-SCG"]
[Site "Budva SCG"]
[Date "2003.08.31"]
[Round "3"]
[White "Solak,D"]
[Black "Krivokapic,M"]
[Result "1-0"]
[WhiteElo "2521"]
[BlackElo "2312"]

1.e4 c5 2.Nc3 e6 3.Nf3 Nc6 4.d4 cxd4 5.Nxd4 Qc7 6.Ndb5 Qb8 7.Be3 a6 8.Bb6 axb5
9.Nxb5 Bb4+ 10.c3 Ba5 11.Nc7+ Qxc7 12.Bxc7 Bxc7 13.Qg4 g6 14.Bb5 Nge7 15.O-O O-O
16.Qh4 f5 17.f3 Rf7 18.a4 d5 19.b4 Be5 20.Qe1 fxe4 21.fxe4 Rxf1+ 22.Bxf1 Bf6
23.b5 Na5 24.e5 Bg7 25.Qh4 Bf8 26.Bd3 Nb3 27.Rf1 Nc5 28.Rxf8+ Kxf8 29.Qf2+ Ke8
30.Qxc5 Rxa4 31.Qc7 Ra2 32.Qb6 Kf7 33.h4 h5 34.Qc7  1-0

[Event "1st League TCh-SCG"]
[Site "Budva SCG"]
[Date "2003.08.31"]
[Round "3"]
[White "Popadic,Dr"]
[Black "Neverov,V"]
[Result "1/2-1/2"]
[WhiteElo "2261"]
[BlackElo "2566"]

1.e4 c5 2.Nf3 e6 3.d4 cxd4 4.Nxd4 Nc6 5.Nc3 Qc7 6.Be3 a6 7.Be2 Nf6 8.O-O d6
9.f4 Be7 10.Kh1 O-O 11.Bd3 b5 12.a3 Bb7 13.Qe1 Nxd4 14.Bxd4 Nd7 15.Qg3 Bf6
16.Bxf6 Nxf6 17.e5 dxe5 18.fxe5 Nd7 19.Be4 Bxe4 20.Nxe4 Rad8 21.Rad1 Qxc2
22.Qh4 Qc7 23.Qe7 Qxe5 24.Ng3 Qxb2 25.Rxd7 Rxd7 26.Qxd7 Qxa3 27.Ne4 h6 28.h3 Qe3
29.Nd6 b4 30.Nxf7 b3 31.Qe7 Rc8 32.Ng5 hxg5 33.Qf7+ Kh7 34.Qh5+  1/2-1/2

[Event "Polish Extraleague"]
[Site "Lubniewice POL"]
[Date "2003.08.31"]
[Round "2"]
[White "Zawadzki,S"]
[Black "Gajewski,G"]
[Result "1/2-1/2"]
[WhiteElo "2411"]
[BlackElo "2456"]

1.e4 c5 2.Nf3 Nc6 3.d4 cxd4 4.Nxd4 e6 5.Nc3 Qc7 6.Be2 a6 7.Be3 Nf6 8.a3 Bd6
9.Qd2 Nxd4 10.Bxd4 Bf4 11.Qd3 e5 12.Be3 Bxe3 13.fxe3 b5 14.O-O-O d6 15.Qxd6 Qxd6
16.Rxd6 Bb7 17.Bf3 Ke7 18.Rhd1 Rhd8 19.Rxd8 Rxd8 20.Rxd8 Kxd8 21.b4 Kc7 22.Kd2 Kd6
23.Kd3 g5 24.g3 g4 25.Bg2 Bc6 26.Nb1 Nd7 27.Nd2 Nb6 28.Bf1 h5 29.Kc3 Nd7
30.Kb3 Nf6 31.Bd3 Nh7 32.a4 Ng5 33.axb5 axb5 34.Be2 f6 35.c3 Ke6 36.Kc2 Nxe4
37.Nxe4 Bxe4+ 38.Kd2 Bc6 39.Bd3 f5 40.Bc2 Kf6 41.Ke2 Kg5 42.Kf2 f4 43.exf4+ exf4
44.gxf4+ Kxf4 45.Bd3 h4 46.c4  1/2-1/2